| 000 | 01055nam0a22002411 4500 | ||
|---|---|---|---|
| 001 | rc\537846 | ||
| 005 | 20030616165711.0 | ||
| 035 | _a(NLR Aleph) 005775249 | ||
| 090 |
_a5071508 _c5071508 |
||
| 100 | _a20030616d1987 u |0rusy50 ca | ||
| 101 | 0 | _arus | |
| 102 | _aRU | ||
| 105 | _ay ||||||||| | ||
| 200 | 1 |
_aТема труда в фольклоре народов СССР _e(Библиогр. указ. репертуар.-метод. лит.) _fВсесоюз. науч.-метод. центр нар. творчества и культ.-просвет. работы _g[Сост. М.Я. Дедик] |
|
| 210 |
_aМ. _cВНМЦНТИКПР _d1987 |
||
| 215 |
_a29, [1] с. _d22 |
||
| 702 | 1 |
_aДедик _bМ. Я. _4220 |
|
| 712 | 0 | 2 |
_aВсесоюзный научно-методический центр народного творчества и культурно-просветительной работы _3RU\NLR\AUTH\889928937 |
| 801 | 0 |
_aRU _bNLR _gpsbo |
|
| 801 | 1 |
_aRU _bELAR _2rusmarc |
|
| 852 |
_aNLR _bС _jК-2/4049 |
||
| 942 | _cBOOK | ||
| 980 | _aNB | ||